Statistiken für Ereignisse der Geschichte #2

Klicken Sie hier um das Quiz zu spielen!

Allgemein

  • Dieses Quiz wurde 5.528 mal gespielt
  • Das Durchschnittsergebnis liegt bei 12 aus 24

Antwortstatistiken

DatumJahrEreignis% Korrekt
1. Jan.2002Der {Euro} wird als Währung eingeführt
100%
15. Juni1961Niemand hat die Absicht, eine {Mauer} zu errichten
86%
30. Juli1956Ägypten verstaatlicht den {Suez}-Kanal
81%
26. Apr.1986Nuklearkatastrophe von {Tschernobyl}
81%
12. Okt.1492{Kolumbus} landet in der Neuen Welt
76%
14. Juli1789Sturm auf die {Bastille} in Paris
76%
-1888Serienmörder {Jack} {the} {Ripper} terrorisiert London
75%
3. Jan.1959{Alaska} wird der 49. US-Staat
72%
29. Mai1953Hillary erreicht den Gipfel des {Mt}. {Everest}
71%
15. Aug.1969Das {Woodstock}-Festival beginnt
57%
31. Mai1740{Friedrich} der Große kommt in Preußen an die Macht
54%
18. Jan.1778Kapitän {Cook} "entdeckt" Hawaii
49%
28. Mai1588Spanische {Armada} setzt Segel Richtung England
43%
30. Juni1649König {Karl} in England enthauptet
42%
24. Aug.410Visigothen erobern {Rom}
40%
18. Apr.1906Die Stadt {San} {Francisco} wird von einem Erdbeben und einem Feuer verwüstet
37%
9. Dez.1979Die {Pocken} gelten nun als ausgerottet
36%
10. Dez.1949Chiang Kai-shek flüchtet nach {Taiwan}
30%
-1637{Tulpen}manie in den Niederlanden – erste Spekulationsblase der Geschichte
27%
2. Juni1692Hexenprozesse von {Salem} beginnen
25%
19. Mai1536{Anne} {Boleyn} wird wegen Ehebruchs und Hochverrats hingerichtet
16%
26. Okt.1825Der {Erie}-Kanal, die großen Seen mit dem Atlantik verbindend, wird eröffnet
12%
26. Aug.1883Der {Krakatau} bricht in Niederländisch-Indien aus
11%
-1891James Naismith erfindet {Basketball}
8%

Verteilung der Resultate

Perzentil nach korrekt beantworteten Fragen

Anzahl Personen mit jedem Resultat

Ihre Resultats-Entwicklung

Sie haben dieses Quiz noch nicht gespielt